01229nam a2200325 i 4500001000300000003000400003005001700007008003900024015001800063020001500081040001400096041001300110080000800123080000800131100002900139245021400168260004600382300002100428500004700449504001400496546002300510650003500533650002000568710009100588700004700679942001200726856009800738999001700836952005000853bgBPK20210816091137.0000907s1996 pl f |000 0 pol aPB 2000/18163 a8370920233 aWA NcBPK1 apolhger a303 a1651 aWiehl, Reinerd(1929- ).10aFenomenologia, dialektyka, hermeneutyka /cReiner Wiehl ; wyboru dokonał i wstępem poprzedził Bolesław Andrzejewski ; Uniwersytet im. Adama Mickiewicza w Poznaniu. Wydawnictwo Naukowe Instytutu Filozofii. aPoznań :bWydaw. Naukowe IF UAM,c1996. a145 s. ;c21 cm. aU góry s. tyt. nr kolejny wydaw.: t. 32. aBibliogr. aTekst tł. z niem. 4aNauki społecznexmetodologia. 4aTeoria poznania2 aUniwersytet im. Adama Mickiewicza (Poznań).bInstytut Filozofii.bWydawnictwo.4pbl.1 aAndrzejewski, Bolesławd(1946- )eWybór 2UKDcKS uhttp://koha.tu.koszalin.pl/cgi-bin/koha/opac-detail.pl?biblionumber=45567yKatalog online BPK c45567d45567 00104071aBPKbBPKcmho74511p02246314yKS